LEADER 01553nam a2200289 i 4500 001 991001764529707536 008 090128s2004 it a 100 0 ita d 020 $a8820736780 (vol.1/2) 035 $ab14066877-39ule_inst 040 $aDip.to Ingegneria dell'Innovazione$beng 082 0 $a691.9 111 2 $aInternational conference on Innovative materials and technology for construction and Restoration$n<1. :$d2004 :$cLecce, Italy>$0477197 245 10$aProoceedings of the First International Conference on Innovative materials and technology for construction and Restoration :$bLecce, june 6-9 2004 /$ceditors Antonio La Tegola & Antonio Nanni 260 $aNapoli :$bLiguori,$c2004 300 $a2 v. :$bill. ;$c24 cm 505 1 $gv.1: $tKey-notes, Materials, Construction 505 1 $gv.2: $tStrengthening and Restoration 650 4$aBuilding materials 700 1 $aLa Tegola, Antonio 700 1 $aNanni, Antonio 907 $a.b14066877$b25-06-12$c21-06-12 912 $a991001764529707536 945 $aLE026 691.9 LAT 01.01 2004 V.1$cV.1$g1$i2026000037622$lle026$nProf. De Lorenzis / Dono$og$pE150.00$q-$rl$s- $t4$u0$v0$w0$x0$y.i15427110$z25-06-12 945 $aLE026 691.9 LAT 01.01 2004 V.2$cV.2$g1$i2026000037639$lle026$nProf. De Lorenzis / Dono$og$pE75.00$q-$rl$s- $t4$u1$v0$w1$x0$y.i15427134$z25-06-12 996 $aProoceedings of the First International Conference on Innovative materials and technology for construction and Restoration$9239676 997 $aUNISALENTO 998 $ale026$b28-01-09$cm$da $e-$feng$git $h0$i0 LEADER 02631oam 2200721 450 001 9910713821803321 005 20230918193615.0 024 8 $a40-995 035 $a(CKB)5470000002505437 035 $a(OCoLC)1195713654$z(OCoLC)1200462031 035 $a(EXLCZ)995470000002505437 100 $a20200914d2020 ua 0 101 0 $aeng 135 $aur||||||||||| 181 $ctxt$2rdacontent 182 $cc$2rdamedia 183 $acr$2rdacarrier 200 10$aAssessing the adequacy of DHS efforts to prevent child deaths in custody $ehearing before the Subcommittee on Border Security, Facilitation, and Operations of the Committee on Homeland Security, House of Representatives, One Hundred Sixteenth Congress, second session, January 14, 2020 210 1$aWashington :$cU.S. Government Publishing Office,$d2020. 215 $a1 online resource (iii, 58 pages) 300 $a"Serial no. 116-55." 300 $aAccess ID (govinfo): CHRG-116hhrg40995. 320 $aIncludes bibliographical references. 517 $aAssessing the adequacy of DHS efforts to prevent child deaths in custody 606 $aChild welfare$zMexican-American Border Region 606 $aDetention of persons$zMexican-American Border Region 606 $aNoncitizen children$zMexican-American Border Region 606 $aUnaccompanied immigrant children$zMexican-American Border Region 606 $aIllegal immigration$zMexican-American Border Region 606 $aUndocumented Immigrants 606 $aChild welfare$2fast 606 $aDetention of persons$2fast 606 $aNoncitizen children$2fast 606 $aUnaccompanied immigrant children$2fast 607 $aNorth America$zMexican-American Border Region$2fast 608 $aLegislative hearings.$2fast 608 $aRules.$2fast 608 $aLegislative hearings.$2lcgft 615 0$aChild welfare 615 0$aDetention of persons 615 0$aNoncitizen children 615 0$aUnaccompanied immigrant children 615 0$aIllegal immigration 615 2$aUndocumented Immigrants. 615 7$aChild welfare. 615 7$aDetention of persons. 615 7$aNoncitizen children. 615 7$aUnaccompanied immigrant children. 801 0$bGPO 801 1$bGPO 801 2$bOCLCF 801 2$bGPO 801 2$bOSO 801 2$bOCLCO 801 2$bOCLCQ 801 2$bCSA 801 2$bOCLCO 801 2$bOCLCQ 801 2$bGPO 906 $aBOOK 912 $a9910713821803321 996 $aAssessing the adequacy of DHS efforts to prevent child deaths in custody$93490672 997 $aUNINA